| 000 | 01096cam a2200349 i 4500 | ||
|---|---|---|---|
| 001 | 111162 | ||
| 005 | 20230410103727.0 | ||
| 008 | 120208s2011 sp 000 0 spa d | ||
| 035 | _a17225149 | ||
| 010 | _a 2012417408 | ||
| 020 | _a9788492904327 | ||
| 020 | _a8492904321 | ||
| 035 | _a(OCoLC)ocn783452639 | ||
| 037 |
_bPuvill;179583 :03.14.2012 _cUSD36,00 |
||
| 040 |
_aSP-BaPL _beng _cN15 _dUTO _dOCLCO _dNDD _dDLC _erda |
||
| 042 | _alccopycat | ||
| 043 | _ae-sp--- | ||
| 050 | 1 | 4 |
_a315 HX 343.5 _bA594c 2011 |
| 082 | 0 | 0 | _a320.5320946 |
| 100 | 1 | _aAnguita, Julio. | |
| 245 | 1 | 0 |
_aCombates de este tiempo / _cJulio Anguita. |
| 264 | 1 |
_aCórdoba : _bEditorial El Páramo, _c2011. |
|
| 300 |
_a327 p. ; _c23 cm. |
||
| 650 | 0 |
_aCommunism _zSpain _xHistory _y20th century. |
|
| 650 | 0 |
_aCommunism _zSpain _xHistory _y21st century. |
|
| 651 | 0 |
_aSpain _xPolitics and government _y1982- |
|
| 650 | 4 | _aPolítica mundial. | |
| 651 | 4 |
_aEspaña _xPolítica y gobierno _y1975-. |
|
| 650 | 4 |
_aPartido Comunista _zEspaña _xHistoria. |
|
| 650 | 4 |
_aComunismo _xHistoria _zEspaña. |
|
| 942 |
_2lcc _cbk |
||
| 999 |
_c24675 _d24675 |
||